LIBRARY & INFORMATION CENTRE, KCAET, TAVANUR

ONLINE PUBLIC ACCESS CATALOGUE (OPAC)

Design, fabrication and testing of a bicycle operated duplex pump (Record no. 15347)

MARC details
000 -LEADER
fixed length control field 00545nam a22001817a 4500
082 ## - DEWEY DECIMAL CLASSIFICATION NUMBER
Classification number 631.37
Item number ASH/DE
100 ## - MAIN ENTRY--AUTHOR NAME
Personal name ASHOK KUMAR, V. M
245 ## - TITLE STATEMENT
Title Design, fabrication and testing of a bicycle operated duplex pump
260 ## - PUBLICATION, DISTRIBUTION, ETC. (IMPRINT)
Place of publication Tavanur
Name of publisher Kelappaji College of Agricultural Engineering and Technology
Year of publication 1990
300 ## - PHYSICAL DESCRIPTION
Number of Pages 76
500 ## - GENERAL NOTE
General note project report
520 ## - SUMMARY, ETC.
Summary, etc project report
650 ## - SUBJECT ADDED ENTRY--TOPICAL TERM
Topical Term project report
700 ## - ADDED ENTRY--PERSONAL NAME
Personal name Lal, C. L
700 ## - ADDED ENTRY--PERSONAL NAME
Personal name Mohanan, C. K
700 ## - ADDED ENTRY--PERSONAL NAME
Personal name Subha Rani Kurian
942 ## - ADDED ENTRY ELEMENTS (KOHA)
Koha item type Project Report
Holdings
Withdrawn status Lost status Damaged status Home library Current library Date acquired Full call number Accession Number Koha item type
      KAUAET KAUAET 03/03/2018 631.37 ASH/DE 16774 Project Report
free website counter